000 00672nam a2200229Ia 4500
003 OSt
005 20220926022848.0
006 a|||||r|||| 00| 0
007 ta
008 220923b |||||||| |||| 00| 0 eng d
020 _a0393807316
037 _cGeneral Book
040 _aRTL
_cRTL
_beng
041 _2eng
_aeng
082 _aY49(J94).73.N5, L4/TD
100 _aMintz Sidney W
_9282227
245 0 _aWorker in the cave
_b A Puerto Rican life history
260 _aNew York
_bW W Norton & Company Inc USA
_c1974
300 _axii,288p.
_ccm.
942 _hY49(J94).73.N5, L4/TD
_cGB
_2CC
999 _c640474
_d640474